000 00732cab a2200217 4500
001 ABS42295
008 090401t1990 xxu||||| |||| 00| 0 eng d
035 _a(Sirsi) u36049
041 _aeng
110 _aAnthony Williams and Partners
_93
245 _a85 London Wall
260 _c1990
350 _a0
490 _aBuilding
_v255(7638) 9 March 1990, 43-50(8)
520 _aBuilding Dossier on 85 London Wall a speculative office building in the City of London conservation area . Includes a cost commentary, schedule of accommodation and detailed cost analysis.
650 _aBUILT ENVIRONMENT-BUILDING COSTS
650 _aOFFICES
690 _aBUILDING AND CONSTRUCTION-PROJECTS
942 _n0
948 _c04/03/1997
999 _c23545
_d23545